01007nam a22002057a 45000010005000000030006000050050017000110080041000280200018000690400029000870500015001160820010001311000020001412450051001612500045002122600036002573000042002934900024003355200442003597017FISKH20250828103141.0250617b cb ||||| |||| 00| 0 eng d a9780545528849 aFISKHbengcFISKHdFISKH aPZ7.P425 B a741.5 aPeirce, Lincoln aBig nate makes the grade /cby Lincoln Peirce  aFirst Scholastic printing, November 2012 aNew York :bScholastic ,c2012. a224 pages :billustrations ;c23 cm . aBIg nate vComics 8 aComic and Graphic Books. Juvenile Fiction. Humor (Fiction.) HTML:Nate Wright is known to his pals and teachers for many things, his penchant for mischief and his school record for detentions being the foremost. But beating out brainiac Gina's grades is not one of those things! In Big Nate Makes the Grade, the school life goings-on of Nate, his pals, and his long-suffering teachers are recounted in hilarious detail. Now in full-color!